Manual de elecciones locales / José Antonio Alcón Zaragozá
ISBN:
84-7088-500-6
Publicado:
Madrid :
MAP, Ministerio para las Administraciones Públicas. Insituto Nacional de Administración Pública ,
1990
Descripción Física:
309 p. ; 24 cm
Colección:
Manuales. Administraciones territoriales
MARC
| LEADER | 00000nam a2200000Ia 4500 | ||
|---|---|---|---|
| 001 | 19191 | ||
| 008 | 160829s1990 xx 000 0 cat d | ||
| 020 | |a 84-7088-500-6 | ||
| 080 | |a M-5-428 | ||
| 100 | |a Alcón Zaragozá, José Antonio |9 45241 | ||
| 245 | |a Manual de elecciones locales / José Antonio Alcón Zaragozá | ||
| 260 | |a Madrid : |b MAP, Ministerio para las Administraciones Públicas. Insituto Nacional de Administración Pública, |c 1990 | ||
| 300 | |a 309 p. ; |c 24 cm | ||
| 490 | |a Manuales. Administraciones territoriales | ||
| 650 | |a Eleccions locals |x Espanya |x Manuals, guies, etc. |9 45242 | ||
| 710 | |a Instituto Nacional de Administración Pública (Espanya) |9 17952 | ||
| 710 | |a Espanya. |b Ministerio para las Administraciones Públicas |9 69872 | ||
| 901 | |a Arxiu | ||
| 942 | |n 1 | ||
| 952 | |0 0 |1 0 |4 0 |6 M5428 |7 1 |9 52475 |a Arxiu |b Arxiu |d 2016-12-01 |l 0 |o M-5-428 |p 19191 |r 2016-12-01 00:00:00 |w 2016-12-01 |y ARXIU | ||
| 999 | |c 56323 |d 56323 | ||